00904nam a2200229 4500001000700000003000900007005001700016007000300033008004100036080001500077100002700092245020400119250001500323260004300338300002100381500005100402700002700453700002700480852002400507999001900531952012400550116812ES-MaACL20230906190755.0t|070301m19071913fr r ||||1| fre d a270"14..."1 aPastor, Ludwig.98948310aHistoire des Pares depuis la fin du Moyen Age b: ouvrage écrit d'aprés un grand nombre de documents inédits du Vatican et autres / cpar Louis Pastor ; traduit de l'allemand par Furcy Raynaud. a2è éd. aParis : bLibrairie Plon, c1907-1913. a10 t. ; c22 cm. aLos tomos VII-X, traducidos por Alfred Poizat.1 aRaynaud, Furcy.9956441 aPoizat, Alfred.992778 aES-MaACLjF-7332-41 c116812d116812 00104070aATENEOMbATENEOMcDEPO2d2008-01-17eSCl0oF-7332-41p1121799r2023-02-23 00:00:00w2023-02-23yMONOGRAFIA